[Event "e2e4 Sunningdale Open"]
[Site "Ascot ENG"]
[Date "2013.05.27"]
[Round "6"]
[White "Fegan,C"]
[Black "McPhillips,Joseph"]
[Result "0-1"]
[WhiteElo "2011"]
[BlackElo "2142"]

1.d4 e6 2.c4 Nf6 3.Nc3 Bb4 4.Qc2 O-O 5.Bg5 d5 6.cxd5 exd5 7.e3 c5 8.dxc5 Be6
9.Bd3 h6 10.Bh4 Nbd7 11.Ne2 Rc8 12.O-O Bxc5 13.Bh7+ Kh8 14.Bf5 Re8 15.Rad1 Bd6
16.Rd4 Be5 17.Rb4 Nb6 18.Rd1 Qd6 19.a3 Bxh2+ 20.Kh1 Be5 21.f4 Bxc3 22.Nxc3 Nc4
23.Re1 a5 24.Rxb7 Nxe3 25.Rxe3 Qxf4 26.Qf2 Qxf2 27.Bxf2 Bxf5 28.Rxe8+ Rxe8
29.Rxf7 Bg6 30.Ra7 Ng4 31.Kg1 Nxf2 32.Kxf2 d4 33.Ne2 Rf8+ 34.Ke1 d3 35.Nc3 Rf5
36.Rd7 Re5+ 37.Kf2 Re6 38.Rd5 Rb6 39.Rb5 Ra6 40.Ke3 Kh7 41.Kd2 h5 42.Nd5 Rc6
43.Ne3 a4 44.Ra5 Rf6 45.Rxa4 Rf2+ 46.Kc3 Re2 47.Kd4  0-1

[Event "ch-CZE 2013"]
[Site "Ledec nad Sazavou CZE"]
[Date "2013.05.29"]
[Round "9.1"]
[White "Navara,D"]
[Black "Polak,T"]
[Result "1-0"]
[WhiteElo "2697"]
[BlackElo "2502"]

1.d4 Nf6 2.c4 e6 3.Nc3 Bb4 4.Qc2 O-O 5.e4 d6 6.e5 dxe5 7.dxe5 Ng4 8.Nf3 Nc6
9.Bf4 f6 10.Bd3 fxe5 11.Bg5 Be7 12.Bxh7+ Kh8 13.Bxe7 Qxe7 14.Be4 Nd4 15.Qd3 Qf6
16.h3 Nh6 17.O-O Bd7 18.Nb5 c5 19.Nbxd4 exd4 20.Bxb7 Rab8 21.Be4 Nf5 22.Rae1 Nd6
23.b3 e5 24.Bg6 Bxh3 25.Nxe5 Bf5 26.Bxf5 Nxf5 27.Nd7  1-0

[Event "Mitropa Cup 2013"]
[Site "Meissen GER"]
[Date "2013.06.01"]
[Round "1.3"]
[White "Krejci,Jan2"]
[Black "Studer,N"]
[Result "1-0"]
[WhiteElo "2505"]
[BlackElo "2336"]

1.d4 Nf6 2.c4 e6 3.Nc3 Bb4 4.Qc2 O-O 5.e4 d5 6.e5 Ne4 7.a3 Bxc3+ 8.bxc3 c5
9.Bd3 cxd4 10.cxd4 Qa5+ 11.Kf1 Bd7 12.Ne2 Ba4 13.Qb2 f6 14.Bxe4 dxe4 15.exf6 Qa6
16.fxg7 Rf7 17.Be3 Nd7 18.c5 Bb5 19.Re1 Nf6 20.Kg1 Nd5 21.Ng3 Bd3 22.h4 Rxg7
23.Bg5 Qa5 24.Bd2 Qa6 25.Nxe4 Bxe4 26.Rxe4 Qd3 27.Re5 Rf8 28.Bh6 Rf4 29.Qe2 Qxa3
30.Bxg7 Nc3 31.Qd1  1-0

[Event "Grand Europe Open Albena"]
[Site "Albena BUL"]
[Date "2013.06.04"]
[Round "4.30"]
[White "Arngrimsson,D"]
[Black "Hainke,G"]
[Result "1/2-1/2"]
[WhiteElo "2396"]
[BlackElo "2310"]

1.d4 Nf6 2.c4 e6 3.Nc3 Bb4 4.Qc2 O-O 5.a3 Bxc3+ 6.Qxc3 d6 7.Nf3 b6 8.Bg5 Nbd7
9.e3 Bb7 10.Bd3 c5 11.O-O Rc8 12.Qc2 h6 13.Bh4 Bxf3 14.gxf3 cxd4 15.exd4 d5
16.Qe2 dxc4 17.Bxc4 Qc7 18.Ba6 Qc2 19.Rfe1  1/2-1/2

[Event "Grand Europe Open Albena"]
[Site "Albena BUL"]
[Date "2013.06.05"]
[Round "5.20"]
[White "Raznikov,D"]
[Black "Sagar,S"]
[Result "1/2-1/2"]
[WhiteElo "2491"]
[BlackElo "2359"]

1.d4 Nf6 2.c4 e6 3.Nc3 Bb4 4.Qc2 O-O 5.a3 Bxc3+ 6.Qxc3 b5 7.cxb5 c6 8.Qg3 Ne4
9.Qd3 f5 10.Nh3 cxb5 11.f3 Nd6 12.Bf4 Qb6 13.e3 Ba6 14.Qb3 Nc4 15.Bxc4 bxc4
16.Qxb6 axb6 17.Bxb8 Rfxb8 18.Kd2 b5 19.Kc3 Bb7 20.Nf2 Bc6 21.Rhc1 Ra4 22.Kd2 b4
23.Rxc4 bxa3 24.b4 Bb5 25.Rc3 Rba8 26.Rb3 Bc4 27.Rbb1 a2 28.Rb2 Rb8 29.Nd3 Bxd3  1/2-1/2

[Event "Grand Europe Open Albena"]
[Site "Albena BUL"]
[Date "2013.06.07"]
[Round "7.36"]
[White "Chighladze,I"]
[Black "Ivelinov,H"]
[Result "1-0"]
[WhiteElo "2396"]
[BlackElo "2180"]

1.d4 Nf6 2.c4 e6 3.Nc3 Bb4 4.Qc2 O-O 5.a3 Bxc3+ 6.Qxc3 b6 7.Bg5 Ba6 8.e3 d6
9.Bd3 Nbd7 10.b4 c5 11.dxc5 bxc5 12.Ne2 Qc7 13.O-O Rac8 14.b5 Bb7 15.f3 d5
16.Rfd1 e5 17.cxd5 Nxd5 18.Qc1 N7b6 19.a4 f6 20.Bh4 Nb4 21.Bf5 Rcd8 22.a5 N6d5
23.Bf2 Ne7 24.Be6+ Kh8 25.Qc4 Rxd1+ 26.Rxd1 Rd8 27.Rb1 Nd3 28.a6 Ba8 29.e4 Nc8
30.Bxc8 Nxf2 31.Kxf2 Rxc8 32.Rd1 h6 33.Ng3 Rf8 34.h4 g6 35.h5 f5 36.exf5 gxf5
37.Qe6 f4 38.Nf5 Qh7 39.Rd7  1-0

[Event "Zonal 3.4 2013"]
[Site "Osh KGZ"]
[Date "2013.06.07"]
[Round "1"]
[White "Ismailov,Timur"]
[Black "Khamrakulov,D"]
[Result "0-1"]
[WhiteElo "2050"]
[BlackElo "2445"]

1.d4 Nf6 2.c4 e6 3.Nc3 Bb4 4.Qc2 O-O 5.Bg5 d5 6.cxd5 exd5 7.e3 Nbd7 8.a3 Be7
9.Bd3 Re8 10.Nf3 c6 11.O-O Nf8 12.Ne5 Ng4 13.Bxe7 Qxe7 14.Nxg4 Bxg4 15.Rae1 Bh5
16.Ne2 f6 17.b4 Rec8 18.Rb1 a5 19.Nf4 Bf7 20.Bf5 Rc7 21.Rfc1 g6 22.Bd3 Nd7
23.Bf1 g5 24.Nd3 Nb6 25.Nb2 Bg6 26.Bd3 Bxd3 27.Nxd3 Nc4 28.Ra1 b6 29.Nb2 b5
30.Nd3 Rca7 31.Qc3 axb4 32.axb4 Ra3 33.Rxa3 Rxa3 34.Qc2 Qe4 35.Rd1 Kg7 36.Qe2 Rc3
37.h3 Kg6 38.Nc5 Rc2 39.Qf1 Nxe3 40.fxe3 Qxe3+ 41.Kh1 Rf2 42.Qd3+ Qxd3 43.Nxd3 Rc2
44.Kg1 Rc4 45.Kf2 Rxd4 46.Ke3 Re4+ 47.Kd2 Rc4 48.Rc1 Kf5 49.Rxc4 dxc4 50.Nc1 Ke4
51.g4 Kf3 52.Ne2 Kg2 53.Nd4 Kxh3 54.Nxc6 Kxg4 55.Nd4 h5 56.Nxb5 h4 57.Ke2 h3
58.Kf2 Kf4 59.Nd4 Ke5 60.Nc6+ Kd5 61.Ne7+ Ke6 62.Nc6 c3 63.b5 Kd5 64.Nb4+ Kc5
65.b6 Kxb6 66.Nd5+ Kc5 67.Nxc3 Kd4 68.Ne2+ Ke4 69.Kg3 Kd3 70.Ng1 g4 71.Kxg4 h2
72.Nh3 Ke3  0-1

[Event "National Open 2013"]
[Site "Las Vegas USA"]
[Date "2013.06.08"]
[Round "4"]
[White "Holt,C"]
[Black "Abrahamyan,T"]
[Result "1-0"]
[WhiteElo "2531"]
[BlackElo "2310"]

1.d4 Nf6 2.c4 e6 3.Nc3 Bb4 4.Qc2 O-O 5.e4 d5 6.e5 Ne4 7.Bd3 c5 8.Nf3 cxd4
9.Nxd4 Nd7 10.Bf4 Ndc5 11.O-O Bxc3 12.bxc3 Bd7 13.Be2 Na4 14.cxd5 exd5 15.f3 Nexc3
16.Bd3 h6 17.Qd2 Re8 18.Kh1 b5 19.Rae1 Qb6 20.Bc2 Rac8 21.Qd3 g6 22.Bxh6 Rc4
23.e6 Bxe6 24.Nxe6 Rxe6 25.Bb3 Nc5 26.Qd2 Nxb3 27.axb3 Rc8 28.Rxe6 Qxe6 29.Qd4 f6
30.Qxa7 Qf7 31.Qd4 Qe7 32.Qg4 Re8 33.Qxg6+ Kh8  1-0

[Event "National Open 2013"]
[Site "Las Vegas USA"]
[Date "2013.06.09"]
[Round "5"]
[White "Brown,Michael William"]
[Black "Kelley,D"]
[Result "0-1"]
[WhiteElo "2252"]
[BlackElo "2163"]

1.d4 Nf6 2.c4 e6 3.Nc3 Bb4 4.Qc2 O-O 5.a3 Bxc3+ 6.Qxc3 b6 7.Bg5 Bb7 8.e3 d6
9.f3 Nbd7 10.Bd3 c5 11.Ne2 Rc8 12.O-O Ba6 13.b3 h6 14.Bh4 cxd4 15.exd4 d5
16.a4 dxc4 17.bxc4 Nd5 18.Bxd8 Nxc3 19.Nxc3 Rfxd8 20.Nb5 Ne5 21.dxe5 Rxd3
22.Nxa7 Rxc4 23.Rfc1 Ra3 24.Rxa3 Rxc1+ 25.Kf2 Rc7 26.Nb5 Bxb5 27.axb5 Rc5
28.Ra8+ Kh7 29.Rb8 Rxb5 30.g4 g5 31.Kg3 Rb3 32.Rb7 Kg6 33.h4 gxh4+ 34.Kxh4 Rxf3
35.Rxb6 Re3 36.Rb5 Re4 37.Kh3 Kg5 38.Rb7 Rf4 39.Rb8 Rf3+ 40.Kg2 Kxg4 41.Rg8+ Kf4
42.Rh8 Ke4 43.Rxh6 Rf5  0-1

[Event "27th Pula Open 2013"]
[Site "Pula CRO"]
[Date "2013.06.10"]
[Round "3.17"]
[White "Schnider,G"]
[Black "Pezelj,S"]
[Result "0-1"]
[WhiteElo "2360"]
[BlackElo "2172"]

1.d4 Nf6 2.c4 e6 3.Nc3 Bb4 4.Qc2 O-O 5.a3 Bxc3+ 6.Qxc3 d6 7.g3 h6 8.Bg2 c5
9.Nf3 Nc6 10.O-O a6 11.Rd1 Qe7 12.dxc5 dxc5 13.Bf4 Ne8 14.Ne5 Nxe5 15.Qxe5 f6
16.Qc3 e5 17.Be3 Be6 18.Qa5 Rc8 19.b4 cxb4 20.axb4 Rf7 21.c5 f5 22.c6 e4
23.Bc5 Qc7 24.Qxc7 Rfxc7 25.cxb7 Rxb7 26.f3 Nf6 27.Rxa6 Bc4 28.Rxf6 gxf6
29.fxe4 Bxe2 30.Rd2 Bb5 31.e5 Bc6 32.exf6 Bxg2 33.Kxg2 Kf7 34.Be7 Rc3 35.Rd8 Ra7
36.Rd2 Ra4 37.Rf2 Kg6 38.b5 Rcc4 39.Rxf5 Kf7 40.Rf3 Ra2+ 41.Kh3 h5 42.Rf4 Raa4
43.Rf3 h4 44.Kg2 Rc2+ 45.Rf2 h3+  0-1

[Event "2nd Grand Europe Open 2013"]
[Site "Golden Sands BUL"]
[Date "2013.06.11"]
[Round "2.34"]
[White "Mohota,N"]
[Black "Drasko,M"]
[Result "0-1"]
[WhiteElo "2297"]
[BlackElo "2469"]

1.d4 e6 2.c4 Nf6 3.Nc3 Bb4 4.Qc2 O-O 5.Nf3 d6 6.Bd2 Nbd7 7.a3 Bxc3 8.Bxc3 Qe7
9.e3 b6 10.Be2 Bb7 11.b4 Ne4 12.Bb2 c5 13.O-O f5 14.dxc5 bxc5 15.Rfd1 e5
16.Nd2 Ng5 17.f3 Rac8 18.Nf1 Rf6 19.Ng3 g6 20.Nf1 Nb6 21.b5 f4 22.a4 Rcf8
23.a5 Nc8 24.e4 a6 25.Ra3 Ne6 26.Rb1 Qc7 27.Qd3 Ne7 28.Bc3 Ra8 29.Nd2 Nd4
30.Bd1 g5 31.h3 h5 32.Ra2 Kf7 33.Bxd4 cxd4 34.c5 axb5 35.Qxb5 Ba6 36.Qb3+ Kg7
37.cxd6 Rxd6 38.Qa3 Rc6 39.Rb6 Rc3 40.Rc2 Nc8  0-1

[Event "27th Pula Open 2013"]
[Site "Pula CRO"]
[Date "2013.06.12"]
[Round "6.17"]
[White "Hajek,Lu1"]
[Black "Schnider,G"]
[Result "1/2-1/2"]
[WhiteElo "2145"]
[BlackElo "2360"]

1.d4 Nf6 2.c4 e6 3.Nc3 Bb4 4.Qc2 O-O 5.e4 d6 6.a3 Bxc3+ 7.bxc3 e5 8.Bd3 Nc6
9.Ne2 b6 10.O-O Ba6 11.f4 Nd7 12.Be3 Na5 13.c5 Bxd3 14.Qxd3 exf4 15.Bxf4 bxc5
16.Qa6 c6 17.Bxd6 Re8 18.e5 cxd4 19.cxd4 c5 20.dxc5 Nxe5 21.Rac1 Nac6 22.Nf4 Qg5
23.Rcd1 Rac8 24.Nd5 Ng4 25.Qb7 f6 26.Qb3 Kh8 27.h3 Ne3 28.Nxe3 Rxe3 29.Qb7 Ree8
30.Qb3 Qh4 31.Rf4 Qh5 32.Qf3 Qf7 33.Re4 h6 34.Rde1 Rxe4  1/2-1/2

[Event "17th Voronezh Master Open"]
[Site "Voronezh RUS"]
[Date "2013.06.13"]
[Round "2.8"]
[White "Maiorov,N1"]
[Black "Vavulin,M"]
[Result "1-0"]
[WhiteElo "2529"]
[BlackElo "2359"]

1.d4 Nf6 2.c4 e6 3.Nc3 Bb4 4.Qc2 O-O 5.a3 Bxc3+ 6.Qxc3 b5 7.cxb5 c6 8.Bg5 cxb5
9.e3 Bb7 10.Nf3 a6 11.Bd3 h6 12.Bh4 d6 13.O-O Nbd7 14.Qb4 Qb6 15.Bg3 Be4
16.Be2 Rfc8 17.Rfc1 Ne8 18.b3 Ndf6 19.Ne1 Bb7 20.f3 Nd5 21.Qd2 f5 22.Nd3 g5
23.Bf2 Nef6 24.Bf1 Qd8 25.Qe1 Ne7 26.a4 Rxc1 27.Rxc1 Qd7 28.axb5 axb5 29.h3 Bd5
30.Rb1 Ng6 31.Bg3 h5 32.Nf2 Bc6 33.Bh2 Rd8 34.Rc1 Qb7 35.Nd3 g4 36.Nb4 Be8
37.Be2 e5 38.hxg4 hxg4 39.fxg4 Nxg4 40.Bf3 Qh7 41.Bxg4 fxg4 42.Nd5 Qf7 43.Qa5 Rb8
44.e4 Qe6 45.Qc7 Ra8 46.Rf1 Nf4 47.Bxf4 exf4 48.Rxf4 Bf7 49.Qc1 Ra2 50.Rxg4+ Kf8
51.Qg5 Ra1+ 52.Kh2  1-0

[Event "2nd Grand Europe Open 2013"]
[Site "Golden Sands BUL"]
[Date "2013.06.14"]
[Round "5.50"]
[White "Georgescu,T"]
[Black "Zalkind,K"]
[Result "1/2-1/2"]
[WhiteElo "2375"]
[BlackElo "2211"]

1.d4 Nf6 2.c4 e6 3.Nc3 Bb4 4.Qc2 O-O 5.e4 d5 6.e5 Ne4 7.Bd3 c5 8.Ne2 cxd4
9.Nxd4 Nd7 10.Bf4 Ndc5 11.O-O Bxc3 12.bxc3 Nxd3 13.Qxd3 b6 14.cxd5 Qxd5 15.c4 Nc5
16.Qe3 Qxc4 17.Rfd1 Bb7 18.Qg3 Kh8 19.Nb3 Rad8 20.Nxc5 Qxc5 21.Rd6 Bd5 22.h4 Rc8
23.Rc1 Qb5 24.Rxc8 Rxc8 25.Qc3 Qe8 26.Qa3 Qe7 27.Rc6 Qd7 28.Rxc8+ Qxc8 29.Qxa7 Qb7
30.Qxb7 Bxb7 31.f3 Bd5 32.a3 b5 33.h5 h6 34.Kf2 Kh7 35.Ke3 Bc4 36.Bh2 g6
37.g4 gxh5 38.gxh5 Kg7 39.Bf4 Bf1 40.Kf2 Bd3 41.Kg3 Bc4 42.Bd2 Bd5 43.Bc3 Kh7
44.Bb4 Bc6 45.Bf8 Bd5 46.Kf4 Bc6 47.Ke3 Bd5 48.Ke2 Bc6 49.Kf2 Bd5 50.Ke3 Bc6
51.f4 Bd5 52.Kf2  1/2-1/2

[Event "2nd Grand Europe Open 2013"]
[Site "Golden Sands BUL"]
[Date "2013.06.14"]
[Round "5.21"]
[White "Chighladze,I"]
[Black "Shyam,SM"]
[Result "1/2-1/2"]
[WhiteElo "2396"]
[BlackElo "2502"]

1.d4 Nf6 2.c4 e6 3.Nc3 Bb4 4.Qc2 O-O 5.a3 Bxc3+ 6.Qxc3 d6 7.g3 Bd7 8.Bg2 Bc6
9.Nf3 a5 10.b3 Nbd7 11.O-O Qb8 12.Bb2 Be4 13.Nd2 Bxg2 14.Kxg2 d5 15.Rfe1 a4
16.e4 dxe4 17.Nxe4 b5 18.d5 axb3 19.Nxf6+ Nxf6 20.Qxb3 bxc4 21.Qxb8 Rfxb8
22.Bxf6 gxf6 23.dxe6 fxe6 24.Rxe6 Rb6 25.Re7 Rc6 26.Rd1 c3 27.Rdd7 Rc8 28.Rg7+ Kf8
29.Rgf7+ Kg8 30.Rg7+  1/2-1/2

[Event "5th Lublin Union Mem GM"]
[Site "Lublin POL"]
[Date "2013.06.15"]
[Round "1.1"]
[White "Dragun,K"]
[Black "Romanishin,O"]
[Result "1-0"]
[WhiteElo "2523"]
[BlackElo "2503"]

1.d4 Nf6 2.c4 e6 3.Nc3 Bb4 4.Qc2 O-O 5.e4 c5 6.a3 Bxc3+ 7.bxc3 cxd4 8.cxd4 e5
9.d5 Na6 10.Ne2 Nc5 11.Ng3 d6 12.Be2 Bd7 13.O-O Ba4 14.Qb1 Re8 15.Bg5 h6
16.Be3 b6 17.f3 Bd7 18.Rf2 Rc8 19.Nf1 Nh7 20.Nd2 Nf8 21.g3 Bh3 22.Kh1 Bd7
23.Qc2 Ba4 24.Qb2 Bd7 25.Rg1 Nh7 26.Qb1 Ng5 27.Bf1 Qe7 28.h4 Nh7 29.Rh2 Nf8
30.Be2 Rc7 31.Qf1 f5 32.exf5 Bxf5 33.g4 Bh7 34.h5 Qf6 35.g5 hxg5 36.Bxg5 Qf5
37.h6 Ng6 38.hxg7 Rxg7 39.Bh6 Rf7 40.Be3 e4 41.Bxc5 bxc5 42.Nxe4 Rxe4 43.fxe4 Qxe4+
44.Qg2 Qd4 45.Bh5 Rg7 46.Qg4 Qxg4 47.Bxg4 Ne5 48.Be6+ Kh8 49.Rb1 Re7 50.Bf5  1-0

[Event "Zonal 3.4 2013"]
[Site "Osh KGZ"]
[Date "2013.06.15"]
[Round "9"]
[White "Khuseinkhodzhaev,M"]
[Black "Kazhgaleyev,M"]
[Result "0-1"]
[WhiteElo "2401"]
[BlackElo "2597"]

1.d4 Nf6 2.c4 e6 3.Nc3 Bb4 4.Qc2 O-O 5.a3 Bxc3+ 6.Qxc3 Qe8 7.g3 d6 8.Bg2 e5
9.dxe5 dxe5 10.Nf3 Nc6 11.O-O a5 12.b3 Qe7 13.Bb2 Re8 14.h3 h6 15.Qe3 Bf5
16.g4 Be4 17.Rfd1 Rad8 18.Rac1 Qe6 19.Rxd8 Rxd8 20.g5 Bxf3 21.Bxf3 hxg5 22.Bxc6 bxc6
23.Qxe5 Qxh3 24.Qxg5 Rd6 25.Be5 Re6 26.Rc3 Qh7 27.Re3 Nd7 28.Qd8+ Nf8 29.Qd3 Qh5
30.Bg3 Rh6 31.Qe4 Qc5 32.a4 Ne6 33.Rd3 Qa3 34.Rd1 Qxb3 35.Rb1 Qxa4 36.Qd3 Nf8
37.Rb8 Qa1+ 38.Rb1 Qf6 39.Rb8 c5 40.Bxc7 Qg5+  0-1

[Event "27th Pula Open 2013"]
[Site "Pula CRO"]
[Date "2013.06.15"]
[Round "9.15"]
[White "Schnider,G"]
[Black "Muskardin,M"]
[Result "1-0"]
[WhiteElo "2360"]
[BlackElo "2226"]

1.d4 Nf6 2.c4 e6 3.Nc3 Bb4 4.Qc2 O-O 5.a3 Bxc3+ 6.Qxc3 b6 7.Bg5 Bb7 8.f3 d6
9.e3 Nbd7 10.Bd3 Qe7 11.Ne2 e5 12.Bf5 h6 13.Bh4 exd4 14.Qxd4 g5 15.Bf2 Qe5
16.e4 Ba6 17.Rc1 Qxd4 18.Bxd4 Ne5 19.Kd2 Ne8 20.b3 Ng7 21.Nc3 Bc8 22.Bxc8 Raxc8
23.h4 f6 24.hxg5 hxg5 25.Rh6 Kf7 26.Rch1 Ke6 27.Rh7 Rf7 28.R1h6 Rcf8 29.Ne2 Kd7
30.Be3 Ne6 31.Nd4 Nxd4 32.Bxd4 a5 33.Kc3 Kc6 34.Be3 Nd7 35.Rh1 Ne5 36.Kd4 a4
37.b4 Ng6 38.b5+ Kd7 39.R1h6 Ne7 40.Kc3 Rxh7 41.Rxh7 Ke6 42.Kb4 Ra8 43.g3 c5+
44.bxc6 Nxc6+ 45.Kb5 Ne5 46.f4 gxf4 47.gxf4 Ra5+ 48.Kb4 Nc6+ 49.Kc3 b5 50.Rc7 Ne7
51.Kb4 Ra8 52.f5+  1-0

[Event "US Juniors 2013"]
[Site "Saint Louis USA"]
[Date "2013.06.15"]
[Round "2.5"]
[White "Harmon,L"]
[Black "Naroditsky,D"]
[Result "1/2-1/2"]
[WhiteElo "2340"]
[BlackElo "2494"]

1.d4 Nf6 2.c4 e6 3.Nc3 Bb4 4.Qc2 O-O 5.a3 Bxc3+ 6.Qxc3 d6 7.Bg5 h6 8.Bh4 Nbd7
9.f3 d5 10.e3 Re8 11.Bd3 e5 12.Ne2 exd4 13.exd4 dxc4 14.Bxc4 Nb6 15.O-O Nxc4
16.Qxc4 Qd5 17.Qxd5 Nxd5 18.Rfe1 Be6 19.Nc3 Nxc3 20.bxc3 c6 21.Rab1 b6 22.Rbc1 Bc4
23.Rxe8+ Rxe8 24.Re1 Rxe1+ 25.Bxe1 Kf8 26.Bg3 Ke7 27.Bb8 Kd7 28.Kf2 a6 29.Ke3 Ke6
30.Ba7 b5 31.Bc5 g6 32.Bf8 h5 33.h4 Kf5 34.g3 Bd5 35.Be7 Ke6 36.Bb4 Bb3 37.Kd2  1/2-1/2

[Event "7th Srebrno Jezero Open 2013"]
[Site "Srebrno jezero SRB"]
[Date "2013.06.15"]
[Round "3.7"]
[White "Nestorovic,De"]
[Black "Belotelov,D"]
[Result "1-0"]
[WhiteElo "2428"]
[BlackElo "2223"]

1.d4 Nf6 2.c4 e6 3.Nc3 Bb4 4.Qc2 O-O 5.a3 Bxc3+ 6.Qxc3 b6 7.Bg5 Bb7 8.f3 d5
9.e3 h6 10.Bh4 Nbd7 11.cxd5 Nxd5 12.Bxd8 Nxc3 13.Bh4 Nd5 14.Bf2 Rfd8 15.e4 Ne7
16.Rc1 Rac8 17.Bb5 c6 18.Ba4 e5 19.Ne2 exd4 20.Bxd4 c5 21.Bc3 Ng6 22.Rd1 Nde5
23.Nc1 Rxd1+ 24.Bxd1 b5 25.Be2 b4 26.Bd2 a5 27.Kf2 a4 28.Na2 Rd8 29.Be3 Nd3+
30.Bxd3 Rxd3 31.Nc1 Rd8 32.Bxc5 Rd2+ 33.Ke3 Rxb2 34.Bxb4 Rxg2 35.Ne2 Ne5
36.Nc3 Nc4+ 37.Kd4 Nb2 38.Nd5 Ba6 39.Bc3 Nc4 40.Nc7 Nxa3 41.Nxa6 Nb5+ 42.Kc4 Nxc3
43.Kxc3 Rf2 44.Nc5 Rxf3+ 45.Nd3 Rh3 46.Kd4 f6 47.Nf4 Rf3 48.Ne2 Rh3 49.Nf4 Rf3
50.Ne2 Rh3 51.Ng3 a3 52.Ra1 Rxh2 53.Rxa3 Rd2+ 54.Ke3 Rd7 55.Kf4 Rb7 56.Nf5 h5
57.Ng3 g6 58.Ra6 Kg7 59.Ne2 Re7 60.Nc3 g5+ 61.Kf3 Re5 62.Ra7+ Kf8 63.Ke3 Re7
64.Ra6 Kg7 65.Nd5 Rf7 66.Re6 Rf8 67.Kd4 Rf7 68.Ne7 h4 69.Ke3 Kh7 70.Kf3 Kg7
71.Kg4 Kh7 72.Nd5 Kg7 73.Ra6 Rf8 74.Rb6 Rf7 75.Kf5 h3 76.Rb3  1-0

[Event "US Juniors 2013"]
[Site "Saint Louis USA"]
[Date "2013.06.17"]
[Round "4.2"]
[White "Perez,Rob"]
[Black "Chiang,S"]
[Result "1-0"]
[WhiteElo "2359"]
[BlackElo "2101"]

1.d4 Nf6 2.c4 e6 3.Nc3 Bb4 4.Qc2 O-O 5.Nf3 c5 6.dxc5 Na6 7.g3 Nxc5 8.Bg2 Nce4
9.O-O Bxc3 10.bxc3 Qc7 11.Ba3 Re8 12.Nd4 d5 13.cxd5 exd5 14.Rac1 Bd7 15.f3 Nd6
16.Bxd6 Qxd6 17.Rfd1 Rac8 18.Bf1 h5 19.Kf2 Qe5 20.Qd2 g5 21.Nb3 Rc4 22.Bg2 h4
23.Rg1 Bb5 24.Bf1 Rg4 25.Nd4 hxg3+ 26.hxg3 Bc4 27.Rb1 Re4 28.Rxb7 Re3 29.Rxa7 g4
30.Ra8 Rxe2+ 31.Bxe2 Rxa8 32.Bxc4 dxc4 33.Re1 Qh5 34.Kg1 gxf3 35.Qf2 Ng4
36.Qxf3 Rxa2 37.Re8+ Kg7 38.Ne6+ Kh7 39.Qe4+ Qg6 40.Nf8+ Kg7 41.Nxg6 Ra1+
42.Kg2 Ra2+ 43.Kf3 Nh2+ 44.Ke3 Nf1+ 45.Kd4  1-0

[Event "7th Srebrno Jezero Open 2013"]
[Site "Srebrno jezero SRB"]
[Date "2013.06.18"]
[Round "7.4"]
[White "Radovanovic,Nik"]
[Black "Lajthajm,B"]
[Result "1/2-1/2"]
[WhiteElo "2223"]
[BlackElo "2478"]

1.d4 Nf6 2.c4 e6 3.Nc3 Bb4 4.Qc2 O-O 5.a3 Bxc3+ 6.Qxc3 b6 7.Nf3 Bb7 8.e3 a5
9.b3 d6 10.Bb2 Nbd7 11.Be2 Ne4 12.Qc2 f5 13.O-O Ng5 14.Qd1 Nxf3+ 15.Bxf3 Bxf3
16.Qxf3 a4 17.b4 b5 18.cxb5 d5 19.Rac1 Nb6 20.Rc6 Nc4 21.Qe2 Qd7 22.Rxc4 dxc4
23.Qxc4 Rab8 24.Rc1 Rxb5 25.Qxc7 Qd5 26.Qc4 Rbb8 27.Qxd5 exd5 28.Rc5 Rfd8
29.Kf1 Kf7 30.Ke2 Ke6 31.Kd3 Kd6 32.Bc3 g5 33.f3  1/2-1/2

[Event "72nd ch-GEO 2013"]
[Site "Tbilisi GEO"]
[Date "2013.06.19"]
[Round "7.1"]
[White "Gagunashvili,M"]
[Black "Quparadze,G"]
[Result "1/2-1/2"]
[WhiteElo "2601"]
[BlackElo "2486"]

1.d4 Nf6 2.c4 e6 3.Nc3 Bb4 4.Qc2 O-O 5.a3 Bxc3+ 6.Qxc3 b6 7.Bg5 Bb7 8.e3 d6
9.Ne2 Nbd7 10.Qc2 h6 11.Bh4 c5 12.Rd1 Qc7 13.Nc3 a6 14.dxc5 Qxc5 15.Qd2 d5
16.cxd5 Nxd5 17.Nxd5 Bxd5 18.Rc1 Qa5 19.Be7 Rfc8 20.Bb4 Qa4 21.Rxc8+ Rxc8
22.Bc3 Nc5 23.f3 Qh4+ 24.Qf2 Qe7 25.Be2 Na4 26.Bxa6 Ra8 27.Bb4 Qc7 28.Be2 Qc1+
29.Bd1 Nxb2 30.Qd2 Qxd2+ 31.Kxd2 Nc4+ 32.Kd3 Nxa3 33.e4 Bc6 34.Bb3 Bb5+ 35.Ke3 Nc4+
36.Bxc4 Bxc4 37.Rd1 Ra4 38.Bc3 b5 39.Ra1 Ba2 40.Kd2 f6 41.Kc2 e5 42.Kb2 Bc4
43.Rxa4 bxa4 44.Ka3 Bb3 45.Kb4 Kf7 46.Bb2 Ke6 47.Kc3 h5 48.h4 g6 49.Kd3 Ba2
50.Ke3 f5 51.g3 Bb1 52.Ba3 Bc2 53.Bb2  1/2-1/2

[Event "17th Petr Izmailov"]
[Site "Tomsk RUS"]
[Date "2013.06.19"]
[Round "9.11"]
[White "Aleksandrov,Zakhar"]
[Black "Dibrov,I"]
[Result "1-0"]
[WhiteElo "2129"]
[BlackElo "2286"]

1.d4 e6 2.c4 Nf6 3.Nc3 Bb4 4.Qc2 O-O 5.Nf3 b6 6.e4 d5 7.cxd5 exd5 8.e5 Ne4
9.Bd3 Bb7 10.O-O Bxc3 11.bxc3 h6 12.Nd2 Nxd2 13.Bxd2 c5 14.f4 Nc6 15.Qb2 Qc8
16.f5 Ba6 17.Bxa6 Qxa6 18.f6 cxd4 19.fxg7 Rfc8 20.cxd4 Qd3 21.e6 f5 22.Bxh6 Qxd4+
23.Qxd4 Nxd4 24.Rad1 Rc4 25.Rxd4 Rxd4 26.Rxf5  1-0

[Event "US Juniors 2013"]
[Site "Saint Louis USA"]
[Date "2013.06.20"]
[Round "6.3"]
[White "Harmon,L"]
[Black "Chiang,S"]
[Result "1-0"]
[WhiteElo "2340"]
[BlackElo "2101"]

1.d4 Nf6 2.c4 e6 3.Nc3 Bb4 4.Qc2 O-O 5.a3 Bxc3+ 6.Qxc3 d5 7.Bg5 dxc4 8.Qxc4 b6
9.Nf3 Ba6 10.Qa4 c5 11.dxc5 bxc5 12.g3 Qb6 13.Bxf6 gxf6 14.Bg2 Nc6 15.O-O Bxe2
16.Qg4+ Kh8 17.Rfe1 Bd3 18.Qf4 Kg7 19.h4 Rad8 20.g4 Nd4 21.g5 Nxf3+ 22.Bxf3 Qxb2
23.Rac1 c4 24.Kh1 f5 25.Qg3 Qd4 26.h5 Rb8 27.Rg1 Rb2 28.Rg2 f4 29.Qh4 c3
30.g6 hxg6 31.hxg6 Bxg6 32.Rh2 f5 33.Rg1 Kf7 34.Rxg6 Rb1+ 35.Kg2 Kxg6 36.Bh5+ Kh6
37.Be8+ Kg7 38.Qg5+  1-0

[Event "III Marcel Duchamp Boca Jun Op"]
[Site "Buenos Aires ARG"]
[Date "2013.06.21"]
[Round "2.23"]
[White "Sica,Mauro"]
[Black "Giampa,A"]
[Result "0-1"]
[WhiteElo "1750"]
[BlackElo "2219"]

1.d4 Nf6 2.c4 e6 3.Nc3 Bb4 4.Qc2 O-O 5.a3 Bxc3+ 6.Qxc3 Ne4 7.Qc2 f5 8.Nf3 b6
9.e3 Bb7 10.Be2 a5 11.O-O Rf6 12.Nd2 Rg6 13.Bf3 Qh4 14.Bxe4 fxe4 15.f4 Qh3
16.Nb1 Nc6 17.Qxe4 Qh4 18.Qc2 Nxd4 19.exd4 Rxg2+ 20.Qxg2 Bxg2 21.Kxg2 Rf8
22.h3 Rf6 23.Nc3 Rg6+ 24.Kf3 Qxh3+ 25.Ke2 Rg2+ 26.Rf2 Qh5+ 27.Ke3 Rg3+ 28.Kd2 Qf5
29.Ke1 Qd3 30.Ne2 Rh3 31.c5 h5 32.Rg2 h4 33.Bd2 Qf3 34.Rg1 Rh2 35.Nc3 Qf2+
36.Kd1 Qxd2+  0-1

[Event "17th Voronezh Master Open"]
[Site "Voronezh RUS"]
[Date "2013.06.21"]
[Round "9.9"]
[White "Gladyszev,O"]
[Black "Yevseev,D"]
[Result "1/2-1/2"]
[WhiteElo "2444"]
[BlackElo "2550"]

1.d4 Nf6 2.c4 e6 3.Nc3 Bb4 4.Qc2 O-O 5.a3 Bxc3+ 6.Qxc3 Ne4 7.Qc2 f5 8.Nh3 d6
9.f3 Nf6 10.Bd2 Nc6 11.e3 e5 12.dxe5 dxe5 13.O-O-O Qe7 14.Bd3 e4 15.Be2 a5
16.Nf2 exf3 17.Bxf3 Ne5 18.Nd3 Nxd3+ 19.Qxd3 Ra6 20.Rhe1 Rd6 21.Qc2 b6 22.Bc3 Rxd1+
23.Qxd1 Rd8 24.Qc2 Be6 25.e4 Nxe4 26.Bxe4 fxe4 27.Qxe4 Qg5+ 28.Re3 Bg4 29.Bd2 Qf5
30.Qxf5 Bxf5 31.Re7 Rd7 32.Rxd7 Bxd7 33.Bf4 c6 34.Bc7 a4 35.Bxb6 Be6 36.c5 Bb3
37.Kd2 Kf7 38.Ke3 Ke6 39.Kf4 h6 40.h4 g6 41.Ba5 Kd5 42.Bb4  1/2-1/2

[Event "16th Heraklion Open A 2013"]
[Site "Athens GRE"]
[Date "2013.06.22"]
[Round "7.1"]
[White "Papasimakopoulos,Alexandros"]
[Black "Kourkoulos Arditis,Stamatis"]
[Result "1-0"]
[WhiteElo "2229"]
[BlackElo "2171"]

1.d4 Nf6 2.c4 e6 3.Nc3 Bb4 4.Qc2 O-O 5.a3 Bxc3+ 6.Qxc3 b5 7.cxb5 c6 8.Bg5 cxb5
9.e3 Bb7 10.Nf3 h6 11.Bh4 a6 12.Bd3 Nc6 13.O-O Rc8 14.Qe1 g5 15.Bg3 Na5 16.Nd2 Nc4
17.b3 Nxd2 18.Qxd2 Ne4 19.Qb4 a5 20.Qe1 Qb6 21.b4 Nc3 22.bxa5 Qc6 23.f3 Qd5
24.Qd2 Rc6 25.Rfc1 Qb3 26.h4 g4 27.e4 gxf3 28.gxf3 Rfc8 29.Kh2 f5 30.Be5 Nxe4
31.Rg1+ Ng5 32.Rxg5+ hxg5 33.Qxg5+ Kf7 34.Qg7+ Ke8 35.Bf6  1-0

[Event "Gold Coast Open 2013"]
[Site "Gold Coast AUS"]
[Date "2013.06.23"]
[Round "2"]
[White "Dale,Ari"]
[Black "D'arcy,Michael"]
[Result "1-0"]
[WhiteElo "2266"]
[BlackElo "1902"]

1.d4 Nf6 2.c4 e6 3.Nc3 Bb4 4.Qc2 O-O 5.a3 Bxc3+ 6.Qxc3 b6 7.Bg5 h6 8.Bh4 Bb7
9.e3 d6 10.Ne2 Nbd7 11.Qc2 e5 12.d5 Bc8 13.Nc3 g5 14.Bg3 Nh5 15.Be2 Ng7 16.h4 f5
17.hxg5 hxg5 18.O-O-O Nc5 19.f4 e4 20.fxg5 Qxg5 21.Bf4 Qe7 22.Rh6 Bd7 23.Rdh1 a5
24.Qd1 Nd3+ 25.Bxd3 exd3 26.Qxd3 Rae8 27.Qd4  1-0

[Event "Gold Coast Open 2013"]
[Site "Gold Coast AUS"]
[Date "2013.06.24"]
[Round "6"]
[White "Dale,Ari"]
[Black "Lester,G"]
[Result "1-0"]
[WhiteElo "2266"]
[BlackElo "2013"]

1.d4 Nf6 2.c4 e6 3.Nc3 Bb4 4.Qc2 O-O 5.a3 Bxc3+ 6.Qxc3 d5 7.Bg5 c5 8.dxc5 d4
9.Qc2 Nbd7 10.b4 a5 11.Rd1 e5 12.Nf3 Qc7 13.g3 h6 14.Bxf6 Nxf6 15.Bg2 Bd7
16.Qb2 Rfe8 17.Nd2 Bc6 18.Bxc6 Qxc6 19.O-O a4 20.f3 Rad8 21.Qc2 e4 22.Nxe4 Nxe4
23.fxe4 Rxe4 24.Rf2 Qe6 25.Rd3 h5 26.Kf1 Re8 27.Qxa4 Qxc4 28.Qb3 Qxb3 29.Rxb3 Ra8
30.Rf4 Re3 31.Rf3 Re4 32.Kf2 Rd8 33.Rbd3 g6 34.Rf6 Rde8 35.Rd2 Re3 36.a4  1-0